000 00700nam a2200253 a 4500
001 000108006
003 CHAP
005 20220329143953.0
008 131127s2009 mx | |r| |||1|||spa|d
010 _a104468
011 _a105440
020 _a9786077686132
040 _cCHAP
082 0 4 _a070.4
_bE24
100 1 _aEdo, Concha
_9124768
245 1 0 _aPeriodismo informativo e interpretativo :
_bel impacto de internet en la noticia, las fuentes y los géneros /
_cpor Concha Edo.
260 3 _aMéxico, D.F. :
_bAlfaomega,
_c2009.
300 _a246 p.
590 _aE792CSJ
_b05
_c20131127
_lUCH01
_h1005
650 1 4 _aPeriodismo.
_987175
901 _aBK
942 _cLIBRO
942 _n0
999 _c104468
_d104468